000 00400nam a22001697a 4500
005 20180223164952.0
008 160523b xxu||||| |||| 00| 0 eng d
020 _a0307048645-X
041 _aeng
082 _b4072
_a330
100 _aSamualson & Nord House
_91005
245 _aEconomics
260 _aNew Delhi
_bAcademic Faundation
300 _a755
650 _aManagement
_9241
942 _cBK
999 _c1371
_d1371